000 01523nam0a2200385 4500
001 RU\NLR\BIBL_A\012176075
005 20200123154239.0
010 _a978-5-6040668-8-1
_92000
021 _aRU
_bКН-П-19-093485
_9КН-П-19-6850
035 _a(NLR Aleph) 012176075
035 _a(RuMoRGB)010191724
090 _a12262724
_c12262724
100 _a20200109d2020 u y0rusy50 ca
101 0 _arus
102 _aRU
105 _aa|||j|||001zy
181 0 _ai
_baxxe
182 0 _an
200 1 _aНеврология: общая врачебная практика
_eучебное пособие
_fС.С. Вялов, В.А. Кирьяков
203 _aТекст
_bвизуальный
_cнепосредственный
205 _a2-е изд., доп.
210 _aМосква
_cУмный доктор
_d2020 [т.е. 2019]
215 _a111 с.
_cил., табл.
_d10x14
300 _aКн. фактически изд. в 2019 г.
320 _aБиблиогр.: с. 107
320 _aАлф. указ.: с. 108-111
606 1 _aНеврология
_jУчебные издания
_2nlr_sh1
_2nlr_sh2
_3RU\NLR\AUTH\6648007
686 1 _aР62я7
700 1 _aВялов
_bС. С.
_cканд. мед. наук
_gСергей Сергеевич
_3RU\NLR\AUTH\770151403
701 1 _aКирьяков
_bВ. А.
_gВячеслав Афанасьевич
942 _cBOOK
980 _aNBR
980 _aNB